[Event "Hibrido del Sur op U2200"]
[Site "Porlamar"]
[Date "2021.08.27"]
[Round "1"]
[White "Cuya Zevallos, Andrew Francisco"]
[Black "Lyon Martinez, Juan Pablo"]
[Result "0-1"]
[WhiteElo "1414"]
[BlackElo "1973"]
[PlyCount "106"]
[EventDate "2021.08.27"]
[EventType "swiss"]
[EventRounds "7"]
[EventCountry "VEN"]
[SourceTitle "EXT 2023"]
[Source "ChessBase"]
[SourceDate "2022.10.05"]
[SourceVersion "1"]
[SourceVersionDate "2022.10.05"]
[SourceQuality "1"]

1. e4 e6 2. d4 d5 3. e5 c5 4. c3 Nc6 5. Nf3 Qb6 6. a3 c4 7. Nbd2 Na5 8. g3 Bd7 9. Bg2 0-0-0 10. 0-0 Kb8 11. Ng5 Nh6 12. f4 f6 13. Ngf3 Nf5 14. Re1 h5 15. Bh3 Rg8 16. Bxf5 exf5 17. Nh4 g5 18. Ng2 h4 19. Nf1 Nb3 20. Rb1 Nxc1 21. Qxc1 hxg3 22. Nxg3 fxe5 23. Rxe5 Bd6 24. Re1 Qc7 25. Rf1 gxf4 26. Nxf4 Rg4 27. Nxd5 Bxg3 28. Nxc7 Bf4+ 29. Kf2 Bxc1 30. Rbxc1 Kxc7 31. h3 Rh4 32. Kg2 Rdh8 33. d5 Rxh3 34. Rcd1 Rh2+ 35. Kg3 Rxb2 36. Rf4 b5 37. d6+ Kc6 38. a4 Rg8+ 39. Kf3 a6 40. axb5+ axb5 41. Rfd4 Rc2 42. Kf4 Rg4+ 43. Ke5 Rxc3 44. Rd5 Re3+ 45. Kf6 Re6+ 46. Kf7 Rgg6 47. Rxf5 Rxd6 48. Rxd6+ Rxd6 49. Re5 c3 50. Re3 b4 51. Ke7 Re6+ 52. Kd8 Re8+ 53. Rxe8 Bxe8 0-1

[Event "Pan American-ch U10"]
[Site "Guayaquil"]
[Date "2019.07.24"]
[Round "6"]
[White "Cuya Zevallos, Andrew Francisco"]
[Black "Morales Risco, Hugo Alexander"]
[Result "0-1"]
[WhiteElo "1350"]
[BlackElo "1090"]
[PlyCount "54"]
[EventDate "2019.07.21"]
[EventType "swiss"]
[EventRounds "9"]
[EventCountry "ECU"]
[SourceTitle "EXT 2020"]
[Source "ChessBase"]
[SourceDate "2019.10.17"]
[SourceVersion "1"]
[SourceVersionDate "2019.10.17"]
[SourceQuality "1"]

1. e4 c5 2. Nf3 d6 3. d4 cxd4 4. Nxd4 Nf6 5. Nc3 g6 6. Be3 Bg7 7. f3 Nbd7 8. Bc4 a6 9. Qd2 b5 10. Bb3 Bb7 11. a3 Rc8 12. Bd5 Bxd5 13. exd5 Ne5 14. Qe2 0-0 15. 0-0 Nc4 16. Nc6 Qc7 17. Bg5 Ne5 18. Nxe5 dxe5 19. Rfe1 Nh5 20. Qe4 Nf4 21. Bxf4 exf4 22. Qxe7 Bxc3 23. Qxc7 Bd4+ 24. Kf1 Rxc7 25. c3 Be3 26. a4 Rd7 27. axb5 axb5 0-1

[Event "Lima Palma Memorial U1850 1st"]
[Site "Lima"]
[Date "2018.01.22"]
[Round "1.13"]
[White "Romero Rodriguez, Jorge"]
[Black "Cuya Zevallos, Andrew Francisco"]
[Result "1-0"]
[WhiteElo "1680"]
[BlackElo "1083"]
[PlyCount "33"]
[EventDate "2018.01.23"]
[EventType "swiss"]
[EventRounds "8"]
[EventCountry "PER"]
[SourceTitle "EXT 2024"]
[Source "ChessBase"]
[SourceDate "2023.10.10"]
[SourceVersion "1"]
[SourceVersionDate "2023.10.10"]
[SourceQuality "1"]

1. Nc3 c6 2. f4 e6 3. e4 Bb4 4. Nf3 Nf6 5. Bd3 0-0 6. a3 Bxc3 7. dxc3 Re8 8. Be3 d5 9. e5 Ng4 10. Ng5 Nxe3 11. Qh5 Nxg2+ 12. Kd2 h6 13. Qxf7+ Kh8 14. Qg6 Kg8 15. Qh7+ Kf8 16. Qh8+ Ke7 17. Qxg7# 1-0